Iniciació a la sociología / (Record no. 35312)

MARC details
000 -LEADER
campo de control de longitud fija 00629nam a2200193 i 4500
001 - NÚMERO DE CONTROL
campo de control 35312
003 - IDENTIFICADOR DE NÚMERO DE CONTROL
campo de control ES-MaACL
005 - FECHA Y HORA DE LA ÚLTIMA TRANSACCIÓN
campo de control 20230906155113.0
007 - CAMPO FIJO DE DESCRIPCIÓN FÍSICA--INFORMACIÓN GENERAL
campo de control de longitud fija t|
008 - DATOS DE LONGITUD FIJA--INFORMACIÓN GENERAL
campo de control de longitud fija 030212s1966 sp ||||1| cat d
100 1# - ENTRADA PRINCIPAL--NOMBRE DE PERSONA
Nombre de persona Bottomore, Thomas B.
9 (RLIN) 30808
245 10 - MENCIÓN DEL TÍTULO
Título Iniciació a la sociología /
Mención de responsabilidad, etc. T.B. Bottomore ; proleg d'E. Pinilla de las Heras ; [traducció de Jordi Monés].
250 ## - MENCION DE EDICION
Mención de edición [1ª ed.].
260 ## - PUBLICACIÓN, DISTRIBUCIÓN, ETC.
Lugar de publicación, distribución, etc. Madrid :
Nombre del editor, distribuidor, etc. Ediciones 62,
Fecha de publicación, distribución, etc. [1966]
300 ## - DESCRIPCIÓN FÍSICA
Extensión 390 p. :
Otras características físicas 1 retr. aut. ;
Dimensiones 20 cm.
700 1# - ENTRADA AGREGADA--NOMBRE PERSONAL
Nombre de persona Pinilla de las Heras, Esteban.
9 (RLIN) 92139
700 1# - ENTRADA AGREGADA--NOMBRE PERSONAL
Nombre de persona Monès, Jordi.
9 (RLIN) 82173
852 ## - LOCALIZACIÓN
Ubicación ES-MaACL
Número de control de estantería C-30385
Sublocalización o colección R.60785
Holdings
Estatus retirado Estado de pérdida Estado de daño No para préstamo Biblioteca de origen Biblioteca actual Ubicación en estantería Fecha de adquisición Fuente de adquisición Total de préstamos Signatura topográfica completa Código de barras Visto por última vez Precio de reemplazo Tipo de ítem Koha
        Biblioteca del Ateneo de Madrid Biblioteca del Ateneo de Madrid Depósito 2 17/01/2008     C-30385 1036940 23/02/2023 23/02/2023 Libro impreso